000 00729nam a2200229 a 4500
001 BRL_1065
005 20190320211023.0
008 061113s1981----mx-a######---#000-0#spa-#
041 _aspa
044 _amx
050 4 _aNK801
_b.F67 1981
111 2 _aForo interamericano
_d9-11 de julio de 1981
_cColima, México
_eUniversidad de Colima
_925727
245 1 0 _aLa cultura popular y la educación superior
260 _aColima
_bMNAIP-INI : COMARPO
_c[1981]
300 _a200 p.
_bil.
_c28 cm.
500 _aAu1206
500 _aEstado físico: tiene partes del lomo desprendidas.
650 1 4 _aArte popular
_vCongresos
_zAmérica
_925728
650 1 4 _aArtesanías
_vCongresos
_zAmérica
_925729
902 _aGRL
942 _2lcc
_cB
999 _c9877
_d9877